Frank Lloyd Wright / (Record no. 187842)

MARC details
000 -LEADER
campo de control de longitud fija 00620nam a2200205 i 4500
001 - NÚMERO DE CONTROL
campo de control 187842
003 - IDENTIFICADOR DE NÚMERO DE CONTROL
campo de control ES-MaACL
005 - FECHA Y HORA DE LA ÚLTIMA TRANSACCIÓN
campo de control 20260617165151.0
007 - CAMPO FIJO DE DESCRIPCIÓN FÍSICA--INFORMACIÓN GENERAL
campo de control de longitud fija t|
008 - DATOS DE LONGITUD FIJA--INFORMACIÓN GENERAL
campo de control de longitud fija 180315s1971 sp ||||1| spa d
100 0# - ENTRADA PRINCIPAL--NOMBRE DE PERSONA
Nombre de persona Dezzi Bardeschi, Marco.
9 (RLIN) 44065
245 10 - MENCIÓN DEL TÍTULO
Título Frank Lloyd Wright /
Mención de responsabilidad, etc. Marco Dezzi Bardeschi.
260 ## - PUBLICACIÓN, DISTRIBUCIÓN, ETC.
Lugar de publicación, distribución, etc. Barcelona :
Nombre del editor, distribuidor, etc. Nauta,
Fecha de publicación, distribución, etc. 1971.
300 ## - DESCRIPCIÓN FÍSICA
Extensión 95 p., 44 lám. col. :
Otras características físicas il. ;
Dimensiones 32 cm.
490 1# - MENCIÓN DE SERIE
Mención de serie Grandes maestros del siglo XX
600 17 - PUNTO DE ACCESO ADICIONAL DE MATERIA--NOMBRE DE PERSONA
Nombre de persona Wright, Frank Lloyd,
Fechas asociadas al nombre 1867-1959
9 (RLIN) 148530
830 0# - PUNTO DE ACCESO ADICIONAL DE SERIE-TÍTULO UNIFORME
Título uniforme Grandes maestros del siglo XX
9 (RLIN) 181649
852 ## - LOCALIZACIÓN
Ubicación ES-MaACL
Número de control de estantería L-31953
Holdings
Estatus retirado Estado de pérdida Estado de daño No para préstamo Biblioteca de origen Biblioteca actual Ubicación en estantería Fecha de adquisición Fuente de adquisición Total de préstamos Signatura topográfica completa Código de barras Visto por última vez Precio de reemplazo Tipo de ítem Koha
        Biblioteca del Ateneo de Madrid Biblioteca del Ateneo de Madrid Depósito 2 15/03/2018     L-31953 1198486 23/02/2023 23/02/2023 Libro impreso